000 00668nam a2200289Ia 4500
005 20260324125815.0
008 008 260324s9999 xx 000 0 eng d
020 _a9781315565293
037 _aEBOOK
040 _aCRL
040 _beng
040 _cCRL
041 _2eng
041 _aeng
084 _qCRL
100 _aLisa Taylor
_91179398
245 2 _aA Taste for Gardening
245 0 _bClassed and Gendered Practices
260 _bTaylor and Francis
260 _c2008
365 _a
365 _b230
856 _uhttp://www.taylorfrancis.com/books/9781315565293
942 _cEBOOK
999 _c1774971
_d1774971